[Event "8th WUCC"]
[Site "Instanbul"]
[Date "2004.09.08"]
[Round "5"]
[White "Jianu, Vlad Cristian"]
[Black "Ghaem Maghami, Ehsan"]
[Result "0-1"]
[WhiteElo "2429"]
[BlackElo "2552"]
[PlyCount "56"]
[EventDate "2004.09.05"]
[Source "Roberto Alvarez"]
[SourceDate "2004.09.21"]

1. d4 Nf6 2. c4 c5 3. d5 b5 4. cxb5 a6 5. bxa6 g6 6. Nc3 Bxa6 7. e4 Bxf1 8. Kxf1 d6 9. Nf3 Bg7 10. h3 O-O 11. Kg1 Qb6 12. Kh2 Na6 13. Re1 Nb4 14. Re2 Qa6 15. Kg1 Nd7 16. Bg5 Rfe8 17. Ne1 Ne5 18. a4 h6 19. Bh4 Reb8 20. Ra3 Rb7 21. b3 Rab8 22. Re3 c4 23. Qe2 Ned3 24. Qd2 Nxe1 25. Rxe1 Nd3 26. Rd1 cxb3 27. Nb5 Nc5 28. Qb4 Ra8 0-1